[Event "Stay Safe Play From Home 246"]
[Site "Emanuel Lasker Arena"]
[Date "2020.06.22"]
[Round "2"]
[White "Dukic"]
[Black "Mepe_Nika"]
[Result "0-1"]
[WhiteElo "1807"]
[BlackElo "2299"]
[PlyCount "130"]
[EventDate "2020.06.22"]
[EventType "swiss (blitz)"]

1. d4 {[%emt 0:00:03]} d5 {[%emt 0:00:01]} 2. c4 {[%emt 0:00:01]} c6 {[%emt 0:00:01]} 3. Nc3 {[%emt 0:00:02]} Nf6 {[%emt 0:00:01]} 4. e3 {[%emt 0:00:01]} e6 {[%emt 0:00:02]} 5. Nf3 {[%emt 0:00:01]} Nbd7 {[%emt 0:00:01]} 6. Bd3 {[%emt 0:00:01]} dxc4 {[%emt 0:00:01]} 7. Bxc4 {[%emt 0:00:01]} b5 {[%emt 0:00:00]} 8. Bd3 {[%emt 0:00:02]} Bd6 {[%emt 0:00:01]} 9. a3 {[%emt 0:00:03]} Bb7 {[%emt 0:00:03]} 10. b4 {[%emt 0:00:01]} a5 {[%emt 0:00:02]} 11. Rb1 {[%emt 0:00:02]} Qe7 {[%emt 0:00:03]} 12. Qb3 {[%emt 0:00:01]} O-O {[%emt 0:00:04]} 13. O-O {[%emt 0:00:02]} e5 {[%emt 0:00:02]} 14. e4 {[%emt 0:00:04]} exd4 {[%emt 0:00:07]} 15. Nxd4 {[%emt 0:00:02]} Bxh2+ {[%emt 0:00:01]} 16. Kh1 {[%emt 0:00:03]} Qe5 {[%emt 0:00:00]} 17. Nf5 {[%emt 0:00:02]} Bf4 {[%emt 0:00:09]} 18. Bb2 {[%emt 0:00:08]} Qe6 {[%emt 0:00:10]} 19. Qc2 {[%emt 0:00:12]} Ne5 {[%emt 0:00:07]} 20. Be2 {[%emt 0:00:08]} axb4 {[%emt 0:00:04]} 21. axb4 {[%emt 0:00:02]} Nfg4 {[%emt 0:00:04]} 22. g3 {[%emt 0:00:05]} Qf6 {[%emt 0:00:02]} 23. Kg2 {[%emt 0:00:08]} c5 {[%emt 0:00:01]} 24. gxf4 {[%emt 0:00:03]} Qxf5 {[%emt 0:00:02]} 25. f3 {[%emt 0:00:03]} Qxf4 {[%emt 0:00:02]} 26. fxg4 {[%emt 0:00:03]} Qe3 {[%emt 0:00:04]} 27. Rbe1 {[%emt 0:00:08]} cxb4 {[%emt 0:00:06]} 28. Nd5 {[%emt 0:00:01]} Bxd5 {[%emt 0:00:59]} 29. exd5 {[%emt 0:00:02]} b3 {[%emt 0:00:01]} 30. Qc3 {[%emt 0:00:04]} Qxc3 {[%emt 0:00:03]} 31. Bxc3 {[%emt 0:00:01]} Nc4 {[%emt 0:00:00]} 32. Ra1 {[%emt 0:00:05]} Ne3+ {[%emt 0:00:01]} 33. Kf3 {[%emt 0:00:02]} Nxf1 {[%emt 0:00:00]} 34. Rxf1 {[%emt 0:00:16]} Rfd8 {[%emt 0:00:04]} 35. Ke4 {[%emt 0:00:04]} Re8+ {[%emt 0:00:04]} 36. Kd3 {[%emt 0:00:02]} Rad8 {[%emt 0:00:01]} 37. Bf3 {[%emt 0:00:01]} Rd7 {[%emt 0:00:05]} 38. Rb1 {[%emt 0:00:01]} Rde7 {[%emt 0:00:01]} 39. Bd4 {[%emt 0:00:03]} Rb7 {[%emt 0:00:03]} 40. Rxb3 {[%emt 0:00:01]} Rd8 {[%emt 0:00:00]} 41. Bc5 {[%emt 0:00:02]} Rc7 {[%emt 0:00:01]} 42. Kd4 {[%emt 0:00:01]} Rb7 {[%emt 0:00:01]} 43. d6 {[%emt 0:00:01]} Rbb8 {[%emt 0:00:00]} 44. Bc6 {[%emt 0:00:03]} g6 {[%emt 0:00:01]} 45. d7 {[%emt 0:00:01]} Kg7 {[%emt 0:00:01]} 46. Kd5 {[%emt 0:00:01]} f5 {[%emt 0:00:01]} 47. gxf5 {[%emt 0:00:02]} gxf5 {[%emt 0:00:00]} 48. Kd6 {[%emt 0:00:01]} Kf6 {[%emt 0:00:01]} 49. Kc7 {[%emt 0:00:01]} f4 {[%emt 0:00:01]} 50. Rf3 {[%emt 0:00:02]} Kf5 {[%emt 0:00:01]} 51. Bd6 {[%emt 0:00:01]} b4 {[%emt 0:00:01]} 52. Rxf4+ {[%emt 0:00:01]} Ke6 {[%emt 0:00:01]} 53. Re4+ {[%emt 0:00:01]} Kf5 {[%emt 0:00:01]} 54. Be7 {[%emt 0:00:02]} b3 {[%emt 0:00:01]} 55. Bxd8 {[%emt 0:00:02]} b2 {[%emt 0:00:01]} 56. Kxb8 {[%emt 0:00:07]} b1=Q+ {[%emt 0:00:00]} 57. Kc7 {[%emt 0:00:01]} Qc2 {[%emt 0:00:01]} 58. Re7 {[%emt 0:00:01]} Kg6 {[%emt 0:00:00]} 59. Re8 {[%emt 0:00:04]} Qb2 {[%emt 0:00:00]} 60. Be7 {[%emt 0:00:01]} Qd4 {[%emt 0:00:00]} 61. d8=Q {[%emt 0:00:02]} Qa7+ {[%emt 0:00:00]} 62. Kd6 {[%emt 0:00:02]} Qd4+ {[%emt 0:00:00]} 63. Kc7 {[%emt 0:00:03]} Qg4 {[%emt 0:00:00]} 64. Qd6+ {[%emt 0:00:03]} Kh5 {[%emt 0:00:00]} 65. Rf8 {[%emt 0:00:01]} Qg6 {[%emt 0:00:00] Zeit (Lag: Av=0.41s, max=1.0s)} 0-1

[Event "Stay Safe Play From Home 246"]
[Site "Emanuel Lasker Arena"]
[Date "2020.06.22"]
[Round "2"]
[White "Tustintin"]
[Black "Tunca"]
[Result "0-1"]
[WhiteElo "1747"]
[BlackElo "1647"]
[Annotator "NA RC"]
[PlyCount "64"]
[EventDate "2020.06.22"]
[EventType "swiss (blitz)"]

1. d4 {[%emt 0:00:04]} d5 {[%emt 0:00:05]} 2. c4 {[%emt 0:00:00]} e6 {[%emt 0:00:05]} 3. Nc3 {[%emt 0:00:01]} Nf6 {[%emt 0:00:02]} 4. e3 {[%emt 0:00:01]} Be7 {[%emt 0:00:03]} 5. a3 {[%emt 0:00:01]} O-O {[%emt 0:00:01]} 6. Bd3 {[%emt 0:00:01]} c5 {[%emt 0:00:01]} 7. Qc2 {[%emt 0:00:01]} Nc6 {[%emt 0:00:01]} 8. cxd5 {[%emt 0:00:01]} exd5 {[%emt 0:00:03]} 9. dxc5 {[%emt 0:00:01]} Bxc5 {[%emt 0:00:01]} 10. Nf3 {[%emt 0:00:01]} Re8 {[%emt 0:00:04]} 11. Ng5 {[%emt 0:00:01]} Ne5 {[%emt 0:00:09]} 12. Bxh7+ {[%emt 0:00:06]} Kf8 {[%emt 0:00:01]} 13. Bf5 {[%emt 0:00:10]} Nc4 {[%emt 0:00:07]} 14. Bxc8 {[%emt 0:00:16]} Rxc8 {[%emt 0:00:00]} 15. Nh7+ {[%emt 0:00:01]} Kg8 {[%emt 0:00:06]} 16. Nxf6+ {[%emt 0:00:04]} Qxf6 {[%emt 0:00:06]} 17. Nxd5 {[%emt 0:00:01]} Qg5 {[%emt 0:00:03]} 18. Nf4 {[%emt 0:00:20]} Nxe3 {[%emt 0:00:16]} 19. fxe3 {[%emt 0:00:04]} Bb4+ {[%emt 0:00:09]} 20. axb4 {[%emt 0:00:08]} Rxc2 {[%emt 0:00:01]} 21. O-O {[%emt 0:00:06]} a6 {[%emt 0:00:11]} 22. b5 {[%emt 0:00:03]} Qxb5 {[%emt 0:00:04]} 23. b4 {[%emt 0:00:18]} Rec8 {[%emt 0:00:07]} 24. Bb2 {[%emt 0:00:11]} Rxb2 {[%emt 0:00:02]} 25. Ne6 {[%emt 0:00:08]} fxe6 {[%emt 0:00:18]} 26. Rae1 {[%emt 0:00:10]} Qg5 {[%emt 0:00:03]} 27. Rf2 {[%emt 0:00:03]} Rcc2 {[%emt 0:00:02]} 28. Ref1 {[%emt 0:00:05]} Qxe3 {[%emt 0:00:01]} 29. h3 {[%emt 0:00:09]} Rxf2 {[%emt 0:00:02]} 30. Rxf2 {[%emt 0:00:01]} Rxf2 {[%emt 0:00:01]} 31. Kh2 {[%emt 0:00:02]} Qf4+ {[%emt 0:00:02]} 32. Kh1 {[%emt 0:00:04]} Rf1# {[%emt 0:00:01] (Lag: Av=0.64s, max=1.3s)} 0-1

[Event "Stay Safe Play From Home 246"]
[Site "Emanuel Lasker Arena"]
[Date "2020.06.22"]
[Round "2"]
[White "Timbre"]
[Black "Katianet"]
[Result "0-1"]
[WhiteElo "1684"]
[BlackElo "1577"]
[Annotator "NA"]
[PlyCount "92"]
[EventDate "2020.06.22"]
[EventType "swiss (blitz)"]

1. d4 {[%emt 0:00:11]} e6 {[%emt 0:00:00]} 2. Nf3 {[%emt 0:00:02]} d5 {[%emt 0:00:00]} 3. c3 {[%emt 0:00:01]} Nf6 {[%emt 0:00:00]} 4. Bf4 {[%emt 0:00:01]} Bd6 {[%emt 0:00:01]} 5. Bg3 {[%emt 0:00:02]} O-O {[%emt 0:00:02]} 6. e3 {[%emt 0:00:02]} Re8 {[%emt 0:00:00]} 7. Be2 {[%emt 0:00:01]} Nbd7 {[%emt 0:00:02]} 8. Nbd2 {[%emt 0:00:01]} Nf8 {[%emt 0:00:01]} 9. Bxd6 {[%emt 0:00:04]} Qxd6 {[%emt 0:00:02]} 10. Ne5 {[%emt 0:00:02]} N6d7 {[%emt 0:00:02]} 11. Nxd7 {[%emt 0:00:02]} Bxd7 {[%emt 0:00:02]} 12. Nf3 {[%emt 0:00:01]} c6 {[%emt 0:00:01]} 13. Ne5 {[%emt 0:00:02]} Bc8 {[%emt 0:00:03]} 14. Bd3 {[%emt 0:00:02]} f6 {[%emt 0:00:02]} 15. Nf3 {[%emt 0:00:04]} e5 {[%emt 0:00:01]} 16. dxe5 {[%emt 0:00:02]} fxe5 {[%emt 0:00:01]} 17. Bc2 {[%emt 0:00:01]} e4 {[%emt 0:00:02]} 18. Nd4 {[%emt 0:00:02]} Qg6 {[%emt 0:00:09]} 19. g3 {[%emt 0:00:08]} Ne6 {[%emt 0:00:09]} 20. Qd2 {[%emt 0:00:08]} Nxd4 {[%emt 0:00:04]} 21. cxd4 {[%emt 0:00:02]} Bg4 {[%emt 0:00:02]} 22. Bd1 {[%emt 0:00:03]} Rf8 {[%emt 0:00:08]} 23. Bxg4 {[%emt 0:00:03]} Qxg4 {[%emt 0:00:01]} 24. Qe2 {[%emt 0:00:02]} Rf3 {[%emt 0:00:04]} 25. O-O-O {[%emt 0:00:04]} Raf8 {[%emt 0:00:01]} 26. Rdf1 {[%emt 0:00:02]} Qf5 {[%emt 0:00:02]} 27. h4 {[%emt 0:00:08]} Rxf2 {[%emt 0:00:01]} 28. Rxf2 {[%emt 0:00:01]} Qxf2 {[%emt 0:00:01]} 29. Qxf2 {[%emt 0:00:02]} Rxf2 {[%emt 0:00:01]} 30. Re1 {[%emt 0:00:02]} Rf3 {[%emt 0:00:01]} 31. Kd2 {[%emt 0:00:03]} Rxg3 {[%emt 0:00:02]} 32. Re2 {[%emt 0:00:01]} Rh3 {[%emt 0:00:02]} 33. Rf2 {[%emt 0:00:01]} Rxh4 {[%emt 0:00:01]} 34. Rf5 {[%emt 0:00:01]} Rh2+ {[%emt 0:00:03]} 35. Kc3 {[%emt 0:00:01]} Re2 {[%emt 0:00:03]} 36. Re5 {[%emt 0:00:03]} Rxe3+ {[%emt 0:00:01]} 37. Kd2 {[%emt 0:00:03]} Rd3+ {[%emt 0:00:03]} 38. Kc2 {[%emt 0:00:02]} Kf7 {[%emt 0:00:01]} 39. Rf5+ {[%emt 0:00:04]} Ke6 {[%emt 0:00:02]} 40. Re5+ {[%emt 0:00:02]} Kd6 {[%emt 0:00:02]} 41. Rg5 {[%emt 0:00:03]} g6 {[%emt 0:00:02]} 42. Rg2 {[%emt 0:00:05]} Rxd4 {[%emt 0:00:02]} 43. Rh2 {[%emt 0:00:01]} h5 {[%emt 0:00:05]} 44. Rg2 {[%emt 0:00:02]} Kc5 {[%emt 0:00:01]} 45. Rxg6 {[%emt 0:00:02]} e3 {[%emt 0:00:01]} 46. Re6 {[%emt 0:00:04]} Re4 {[%emt 0:00:02] Timbre resigns (Lag: Av=0.27s, max=0.8s)} 0-1

[Event "Stay Safe Play From Home 246"]
[Site "Emanuel Lasker Arena"]
[Date "2020.06.22"]
[Round "2"]
[White "Justwatch"]
[Black "Don59as"]
[Result "0-1"]
[WhiteElo "1546"]
[BlackElo "2068"]
[Annotator "NA"]
[PlyCount "42"]
[EventDate "2020.06.22"]
[EventType "swiss (blitz)"]

1. e4 {[%emt 0:00:02]} e5 {[%emt 0:00:07]} 2. Bc4 {[%emt 0:00:03]} Nc6 {[%emt 0:00:01]} 3. Qh5 {[%emt 0:00:04]} Qe7 {[%emt 0:00:03]} 4. Nf3 {[%emt 0:00:12]} Nf6 {[%emt 0:00:01]} 5. Qh4 {[%emt 0:00:29]} d6 {[%emt 0:00:29]} 6. Nc3 {[%emt 0:00:03]} Be6 {[%emt 0:00:07]} 7. Bb5 {[%emt 0:00:08]} Nd7 {[%emt 0:00:06]} 8. Bxc6 {[%emt 0:00:01]} bxc6 {[%emt 0:00:06]} 9. Qg3 {[%emt 0:00:02]} h6 {[%emt 0:00:07]} 10. d3 {[%emt 0:00:03]} g5 {[%emt 0:00:01]} 11. h3 {[%emt 0:00:02]} Bg7 {[%emt 0:00:01]} 12. Nd2 {[%emt 0:00:02]} Nf6 {[%emt 0:00:01]} 13. Nb3 {[%emt 0:00:02]} Nh5 {[%emt 0:00:01]} 14. Qe3 {[%emt 0:00:01]} Nf4 {[%emt 0:00:01]} 15. Rg1 {[%emt 0:00:03]} O-O {[%emt 0:00:04]} 16. Qg3 {[%emt 0:00:02]} d5 {[%emt 0:00:03]} 17. exd5 {[%emt 0:00:01]} cxd5 {[%emt 0:00:01]} 18. Bxf4 {[%emt 0:00:01]} exf4 {[%emt 0:00:02]} 19. Qf3 {[%emt 0:00:01]} Bg4+ {[%emt 0:00:03]} 20. Kd2 {[%emt 0:00:06]} Bxf3 {[%emt 0:00:01]} 21. gxf3 {[%emt 0:00:00]} Bxc3+ {[%emt 0:00:03] Justwatch terk eder (Lag: Av=0.54s, max=0.6s)} 0-1

[Event "Stay Safe Play From Home 246"]
[Site "Emanuel Lasker Arena"]
[Date "2020.06.22"]
[Round "3"]
[White "Mepe_Nika"]
[Black "Don59as"]
[Result "1-0"]
[WhiteElo "2301"]
[BlackElo "2070"]
[Annotator "NA"]
[PlyCount "71"]
[EventDate "2020.06.22"]
[EventType "swiss (blitz)"]

1. d4 {[%emt 0:00:01]} d5 {[%emt 0:00:01]} 2. c4 {[%emt 0:00:01]} e5 {[%emt 0:00:01]} 3. dxe5 {[%emt 0:00:01]} d4 {[%emt 0:00:00]} 4. Nf3 {[%emt 0:00:01]} Nc6 {[%emt 0:00:01]} 5. g3 {[%emt 0:00:01]} Be6 {[%emt 0:00:01]} 6. Bg2 {[%emt 0:00:01]} Qd7 {[%emt 0:00:01]} 7. O-O {[%emt 0:00:01]} Bxc4 {[%emt 0:00:08]} 8. Nbd2 {[%emt 0:00:02]} Be6 {[%emt 0:00:01]} 9. Nb3 {[%emt 0:00:00]} Rd8 {[%emt 0:00:02]} 10. Bg5 {[%emt 0:00:03]} Be7 {[%emt 0:00:02]} 11. Rc1 {[%emt 0:00:03]} h6 {[%emt 0:00:21]} 12. Bxe7 {[%emt 0:00:03]} Ngxe7 {[%emt 0:00:00]} 13. Nc5 {[%emt 0:00:01]} Qc8 {[%emt 0:00:01]} 14. Qa4 {[%emt 0:00:01]} O-O {[%emt 0:00:03]} 15. Nxe6 {[%emt 0:00:03]} Qxe6 {[%emt 0:00:04]} 16. Rfd1 {[%emt 0:00:01]} Nf5 {[%emt 0:00:12]} 17. Bh3 {[%emt 0:00:16]} Qg6 {[%emt 0:00:19]} 18. Bxf5 {[%emt 0:00:03]} Qxf5 {[%emt 0:00:01]} 19. Nxd4 {[%emt 0:00:02]} Qe4 {[%emt 0:00:13]} 20. e3 {[%emt 0:00:04]} Nxe5 {[%emt 0:00:01]} 21. Qc2 {[%emt 0:00:06]} Nf3+ {[%emt 0:00:23]} 22. Nxf3 {[%emt 0:00:02]} Qxf3 {[%emt 0:00:00]} 23. Rxd8 {[%emt 0:00:09]} Rxd8 {[%emt 0:00:01]} 24. Qxc7 {[%emt 0:00:01]} Rd2 {[%emt 0:00:05]} 25. Rf1 {[%emt 0:00:07]} Rxb2 {[%emt 0:00:03]} 26. Qb8+ {[%emt 0:00:01]} Kh7 {[%emt 0:00:02]} 27. Qxa7 {[%emt 0:00:00]} h5 {[%emt 0:00:05]} 28. h4 {[%emt 0:00:02]} g5 {[%emt 0:00:03]} 29. hxg5 {[%emt 0:00:03]} h4 {[%emt 0:00:01]} 30. Qd4 {[%emt 0:00:01]} hxg3 {[%emt 0:00:03]} 31. Qxb2 {[%emt 0:00:11]} g2 {[%emt 0:00:06]} 32. Qc2+ {[%emt 0:00:13]} Kg7 {[%emt 0:00:06]} 33. Qc3+ {[%emt 0:00:02]} Kg8 {[%emt 0:00:01]} 34. Rc1 {[%emt 0:00:05]} Kh7 {[%emt 0:00:08]} 35. Qf6 {[%emt 0:00:12]} Qd5 {[%emt 0:00:08]} 36. Qh6+ {[%emt 0:00:03] Don59as resigns (Lag: Av=0.60s, max=0.8s)} 1-0

[Event "Stay Safe Play From Home 246"]
[Site "Emanuel Lasker Arena"]
[Date "2020.06.22"]
[Round "3"]
[White "Dukic"]
[Black "Haris kollari 13"]
[Result "0-1"]
[WhiteElo "1805"]
[BlackElo "1878"]
[Annotator "NA"]
[PlyCount "108"]
[EventDate "2020.06.22"]
[EventType "swiss (blitz)"]

1. d4 {[%emt 0:00:04]} e6 {[%emt 0:00:01]} 2. c4 {[%emt 0:00:01]} d5 {[%emt 0:00:02]} 3. Nc3 {[%emt 0:00:01]} c6 {[%emt 0:00:03]} 4. Nf3 {[%emt 0:00:01]} f5 {[%emt 0:00:01]} 5. Bf4 {[%emt 0:00:02]} Nf6 {[%emt 0:00:01]} 6. e3 {[%emt 0:00:01]} Bd6 {[%emt 0:00:01]} 7. c5 {[%emt 0:00:02]} Bxf4 {[%emt 0:00:01]} 8. exf4 {[%emt 0:00:01]} O-O {[%emt 0:00:01]} 9. Bd3 {[%emt 0:00:01]} b6 {[%emt 0:00:04]} 10. b4 {[%emt 0:00:01]} a5 {[%emt 0:00:01]} 11. a3 {[%emt 0:00:01]} bxc5 {[%emt 0:00:03]} 12. bxc5 {[%emt 0:00:02]} Ba6 {[%emt 0:00:03]} 13. O-O {[%emt 0:00:04]} Bxd3 {[%emt 0:00:02]} 14. Qxd3 {[%emt 0:00:01]} Ne4 {[%emt 0:00:02]} 15. Na4 {[%emt 0:00:02]} Nd7 {[%emt 0:00:03]} 16. Rab1 {[%emt 0:00:01]} Rb8 {[%emt 0:00:02]} 17. Rb3 {[%emt 0:00:06]} Qc7 {[%emt 0:00:01]} 18. Ne5 {[%emt 0:00:06]} Nxe5 {[%emt 0:00:01]} 19. fxe5 {[%emt 0:00:02]} Rxb3 {[%emt 0:00:01]} 20. Qxb3 {[%emt 0:00:01]} Rb8 {[%emt 0:00:01]} 21. Qc2 {[%emt 0:00:07]} Rb5 {[%emt 0:00:05]} 22. f3 {[%emt 0:00:02]} Ng5 {[%emt 0:00:02]} 23. Qd2 {[%emt 0:00:02]} h6 {[%emt 0:00:01]} 24. h4 {[%emt 0:00:02]} Nf7 {[%emt 0:00:01]} 25. Nb6 {[%emt 0:00:02]} Qb7 {[%emt 0:00:17]} 26. a4 {[%emt 0:00:02]} Rb4 {[%emt 0:00:01]} 27. g4 {[%emt 0:00:06]} fxg4 {[%emt 0:00:02]} 28. fxg4 {[%emt 0:00:01]} Rb3 {[%emt 0:00:16]} 29. Qf4 {[%emt 0:00:02]} Rb4 {[%emt 0:00:04]} 30. g5 {[%emt 0:00:02]} hxg5 {[%emt 0:00:02]} 31. hxg5 {[%emt 0:00:02]} Qe7 {[%emt 0:00:06]} 32. g6 {[%emt 0:00:02]} Nh6 {[%emt 0:00:01]} 33. Nc8 {[%emt 0:00:20]} Qe8 {[%emt 0:00:05]} 34. Nd6 {[%emt 0:00:15]} Qe7 {[%emt 0:00:01]} 35. Rf2 {[%emt 0:00:14]} Rb1+ {[%emt 0:00:10]} 36. Kg2 {[%emt 0:00:01]} Rb4 {[%emt 0:00:04]} 37. Nf7 {[%emt 0:00:21]} Nf5 {[%emt 0:00:05]} 38. Rd2 {[%emt 0:00:08]} Qh4 {[%emt 0:00:04]} 39. Qxh4 {[%emt 0:00:01]} Nxh4+ {[%emt 0:00:01]} 40. Kf2 {[%emt 0:00:03]} Nxg6 {[%emt 0:00:01]} 41. Nd8 {[%emt 0:00:02]} Nf4 {[%emt 0:00:01]} 42. Nxc6 {[%emt 0:00:02]} Rxa4 {[%emt 0:00:02]} 43. Kf3 {[%emt 0:00:02]} g5 {[%emt 0:00:01]} 44. Kg4 {[%emt 0:00:01]} Kf7 {[%emt 0:00:06]} 45. Kxg5 {[%emt 0:00:01]} Ng6 {[%emt 0:00:01]} 46. Rf2+ {[%emt 0:00:02]} Kg7 {[%emt 0:00:01]} 47. Rf6 {[%emt 0:00:02]} Nf8 {[%emt 0:00:01]} 48. Nd8 {[%emt 0:00:04]} Rxd4 {[%emt 0:00:03]} 49. Nxe6+ {[%emt 0:00:00]} Nxe6+ {[%emt 0:00:01]} 50. Rxe6 {[%emt 0:00:01]} Rc4 {[%emt 0:00:01]} 51. Rc6 {[%emt 0:00:03]} a4 {[%emt 0:00:02]} 52. Kf5 {[%emt 0:00:01]} a3 {[%emt 0:00:01]} 53. Ra6 {[%emt 0:00:03]} Rxc5 {[%emt 0:00:01]} 54. Rxa3 {[%emt 0:00:01]} d4 {[%emt 0:00:01] Zeit (Lag: Av=0.39s, max=0.9s)} 0-1

[Event "Stay Safe Play From Home 246"]
[Site "Emanuel Lasker Arena"]
[Date "2020.06.22"]
[Round "3"]
[White "Tunca"]
[Black "Haxhi Baha"]
[Result "0-1"]
[WhiteElo "1668"]
[BlackElo "1900"]
[PlyCount "88"]
[EventDate "2020.06.22"]
[EventType "swiss (blitz)"]

1. e4 {[%emt 0:00:05]} c5 {[%emt 0:00:02]} 2. Nf3 {[%emt 0:00:01]} Nc6 {[%emt 0:00:01]} 3. d4 {[%emt 0:00:03]} cxd4 {[%emt 0:00:00]} 4. Nxd4 {[%emt 0:00:00]} g6 {[%emt 0:00:00]} 5. Nc3 {[%emt 0:00:01]} Bg7 {[%emt 0:00:01]} 6. Be3 {[%emt 0:00:01]} Nf6 {[%emt 0:00:01]} 7. Be2 {[%emt 0:00:06]} O-O {[%emt 0:00:04]} 8. O-O {[%emt 0:00:00]} d5 {[%emt 0:00:01]} 9. Bf3 {[%emt 0:00:17]} dxe4 {[%emt 0:00:17]} 10. Nxe4 {[%emt 0:00:00]} Nxe4 {[%emt 0:00:05]} 11. Nxc6 {[%emt 0:00:15]} Qxd1 {[%emt 0:00:07]} 12. Nxe7+ {[%emt 0:00:03]} Kh8 {[%emt 0:00:01]} 13. Raxd1 {[%emt 0:00:04]} Bf5 {[%emt 0:00:10]} 14. Nxf5 {[%emt 0:00:05]} gxf5 {[%emt 0:00:00]} 15. c3 {[%emt 0:00:04]} b5 {[%emt 0:00:09]} 16. Bd4 {[%emt 0:00:17]} a5 {[%emt 0:00:14]} 17. Bxg7+ {[%emt 0:00:02]} Kxg7 {[%emt 0:00:00]} 18. Rd5 {[%emt 0:00:04]} b4 {[%emt 0:00:05]} 19. Rxf5 {[%emt 0:00:10]} Nd2 {[%emt 0:00:05]} 20. Bxa8 {[%emt 0:00:16]} Nxf1 {[%emt 0:00:01]} 21. Bd5 {[%emt 0:00:29]} Nd2 {[%emt 0:00:04]} 22. cxb4 {[%emt 0:00:04]} axb4 {[%emt 0:00:00]} 23. a3 {[%emt 0:00:02]} bxa3 {[%emt 0:00:03]} 24. bxa3 {[%emt 0:00:00]} f6 {[%emt 0:00:00]} 25. a4 {[%emt 0:00:06]} Rb8 {[%emt 0:00:03]} 26. g3 {[%emt 0:00:01]} Rb4 {[%emt 0:00:16]} 27. Bc6 {[%emt 0:00:02]} Rc4 {[%emt 0:00:25]} 28. Bb5 {[%emt 0:00:01]} Rc1+ {[%emt 0:00:01]} 29. Kg2 {[%emt 0:00:00]} Ra1 {[%emt 0:00:03]} 30. Rd5 {[%emt 0:00:01]} Nb3 {[%emt 0:00:14]} 31. Rd8 {[%emt 0:00:01]} Nc5 {[%emt 0:00:03]} 32. Rd4 {[%emt 0:00:01]} f5 {[%emt 0:00:05]} 33. Rc4 {[%emt 0:00:01]} Ne4 {[%emt 0:00:01]} 34. Rc7+ {[%emt 0:00:01]} Kg6 {[%emt 0:00:02]} 35. h4 {[%emt 0:00:01]} Ra2 {[%emt 0:00:02]} 36. Rc6+ {[%emt 0:00:07]} Kg7 {[%emt 0:00:02]} 37. Rc7+ {[%emt 0:00:03]} Kf6 {[%emt 0:00:03]} 38. h5 {[%emt 0:00:01]} Rxf2+ {[%emt 0:00:01]} 39. Kg1 {[%emt 0:00:00]} Ra2 {[%emt 0:00:02]} 40. Rc6+ {[%emt 0:00:01]} Kg5 {[%emt 0:00:01]} 41. h6 {[%emt 0:00:01]} Nxg3 {[%emt 0:00:01]} 42. Rc7 {[%emt 0:00:00]} f4 {[%emt 0:00:00]} 43. Rg7+ {[%emt 0:00:01]} Kxh6 {[%emt 0:00:01]} 44. Rf7 {[%emt 0:00:01]} Kg5 {[%emt 0:00:01] Time (Lag: Av=0.94s, max=1.5s)} 0-1

[Event "Stay Safe Play From Home 246"]
[Site "Emanuel Lasker Arena"]
[Date "2020.06.22"]
[Round "3"]
[White "Timbre"]
[Black "Tustintin"]
[Result "1-0"]
[WhiteElo "1662"]
[BlackElo "1708"]
[Annotator "NA"]
[PlyCount "67"]
[EventDate "2020.06.22"]
[EventType "swiss (blitz)"]

1. d4 {[%emt 0:00:19]} c6 {[%emt 0:00:00]} 2. Nf3 {[%emt 0:00:02]} d5 {[%emt 0:00:00]} 3. c3 {[%emt 0:00:02]} Bf5 {[%emt 0:00:01]} 4. Bf4 {[%emt 0:00:01]} e6 {[%emt 0:00:01]} 5. e3 {[%emt 0:00:01]} Bd6 {[%emt 0:00:01]} 6. Bg3 {[%emt 0:00:02]} Nf6 {[%emt 0:00:02]} 7. Bd3 {[%emt 0:00:02]} h5 {[%emt 0:00:01]} 8. Qc2 {[%emt 0:00:02]} Bxd3 {[%emt 0:00:05]} 9. Qxd3 {[%emt 0:00:02]} h4 {[%emt 0:00:00]} 10. Bxh4 {[%emt 0:00:06]} Nh5 {[%emt 0:00:06]} 11. Bxd8 {[%emt 0:00:03]} Nd7 {[%emt 0:00:11]} 12. Ba5 {[%emt 0:00:06]} b6 {[%emt 0:00:03]} 13. Bb4 {[%emt 0:00:02]} Bc7 {[%emt 0:00:01]} 14. Ba3 {[%emt 0:00:04]} a5 {[%emt 0:00:01]} 15. Nbd2 {[%emt 0:00:03]} Nhf6 {[%emt 0:00:04]} 16. e4 {[%emt 0:00:01]} O-O-O {[%emt 0:00:18]} 17. e5 {[%emt 0:00:03]} Ng4 {[%emt 0:00:02]} 18. h3 {[%emt 0:00:03]} Rh6 {[%emt 0:00:05]} 19. O-O-O {[%emt 0:00:05]} Nxf2 {[%emt 0:00:06]} 20. Qa6+ {[%emt 0:00:03]} Kb8 {[%emt 0:00:04]} 21. c4 {[%emt 0:00:04]} c5 {[%emt 0:00:20]} 22. dxc5 {[%emt 0:00:06]} dxc4 {[%emt 0:00:15]} 23. Nxc4 {[%emt 0:00:04]} Nxh1 {[%emt 0:00:18]} 24. Rxh1 {[%emt 0:00:08]} Nxc5 {[%emt 0:00:02]} 25. Bxc5 {[%emt 0:00:03]} bxc5 {[%emt 0:00:03]} 26. Nxa5 {[%emt 0:00:02]} Bxa5 {[%emt 0:00:08]} 27. Qxa5 {[%emt 0:00:01]} f6 {[%emt 0:00:19]} 28. exf6 {[%emt 0:00:03]} Rxf6 {[%emt 0:00:10]} 29. Qxd8+ {[%emt 0:00:04]} Kb7 {[%emt 0:00:05]} 30. Rd1 {[%emt 0:00:05]} Rxf3 {[%emt 0:00:02]} 31. gxf3 {[%emt 0:00:02]} c4 {[%emt 0:00:00]} 32. Rd7+ {[%emt 0:00:02]} Ka6 {[%emt 0:00:06]} 33. Rd6+ {[%emt 0:00:05]} Kb5 {[%emt 0:00:01]} 34. Qb6+ {[%emt 0:00:03] Time (Lag: Av=0.50s, max=0.8s) '} 1-0